Nota KursusSimposium Pegawai Penilaian IV : 24 - 28 September 2001

Bibliographic Details
Format: Book
Subjects:
Online Access:http://app.inspen.gov.my:7779/pls/portal/docs/PAGE/CORPORATEPAGES/PORTAL_INSPEN/NOTA_KURSUS/VO/X.PDF

MARC

LEADER 00000cam a2200000 7i4500
001 0000014309
005 20071206.0
040 |a INS 
090 0 0 |a VO46 
245 0 0 |a Nota KursusSimposium Pegawai Penilaian IV :   |b 24 - 28 September 2001 
650 0 0 |a Program Penilaian & Perkhidmatan Harta 
856 |u http://app.inspen.gov.my:7779/pls/portal/docs/PAGE/CORPORATEPAGES/PORTAL_INSPEN/NOTA_KURSUS/VO/X.PDF 
999 |a VO00000061   |b BOOK   |c Course Notes   |e Default branch 
999 |a VO00000669   |b BOOK   |c Course Notes   |e Default branch 
999 |a VO00000670   |b BOOK   |c Course Notes   |e Default branch